| 000 | 01761nam a22003617a 4500 | ||
|---|---|---|---|
| 003 | EG-ScBUE | ||
| 005 | 20211012153613.0 | ||
| 008 | 211012s2008 ua o f b 000 0 ara d | ||
| 017 | _a2007/26925 | ||
| 020 | _a9771753495 | ||
| 040 |
_aEG-ScBUE _bara _erda _cEG-ScBUE _dEG-ScBUE |
||
| 082 | 0 | 4 |
_a230 _bد ا و _222 |
| 100 | 1 |
_aداود، نبيه كامل، _d1937- _eمؤلف. |
|
| 245 | 1 | 0 |
_aتاريخ المسيحية والرهبنة وآثارهما في أبروشيتي نقادة وقوص، وإسنا والأقصر وأرمنت / _cتأليف نبيه كامل داود، د. عادل فخري ؛ تصدير الأنبا بيمن، أسقف نقادة وقوص وتوابعها ؛ تقديم د. فوزي إسطفانوس ؛ تدقيق وتحرير وجدي رزق غالي. |
| 250 | _aالطبعة الأولى. | ||
| 264 | 1 |
_aالقاهرة : _bمؤسسة القديس مرقس لدراسات التاريخ القبطي، _c2008. |
|
| 300 |
_aب-ح، 526 صفحة : _bصور ؛ _c24 سم. |
||
| 336 |
_2rdacontent _aنص _btxt |
||
| 337 |
_2rdamedia _aبدون وسيط _bn |
||
| 338 |
_2rdacarrier _aمجلد _bnc |
||
| 490 | 0 |
_aسلسلة تاريخ أبروشيات مصر وآثارها القبطية ؛ _v4 |
|
| 504 | _aيشتمل على إرجاعات ببليوجرافية. | ||
| 541 | _cإهداء. | ||
| 650 | 7 |
_aالمسيحية _xتاريخ. _2BUEsh |
|
| 650 | 7 |
_aالرهبنة _xتاريخ. _2BUEsh |
|
| 653 |
_bGGEN _cOctober2021 |
||
| 655 |
_vReading book _934232 |
||
| 700 | 1 |
_aفخري، عادل، _d1958- _eمؤلف. |
|
| 700 | 1 |
_aبيمن، الأنبا، _eمصدر. |
|
| 700 | 1 |
_aإسطفانوس، فوزي، _eمقدم. |
|
| 700 | 1 |
_aغالي، وجدي رزق، _eمدقق، _eمحرر. _939796 |
|
| 942 | _2ddc | ||
| 999 |
_c29585 _d29556 |
||